Normal view MARC view

Entry Personal Name

Number of records used in: 1

001 - CONTROL NUMBER

  • control field: 308841

003 - CONTROL NUMBER IDENTIFIER

  • control field: DLC

005 - DATE AND TIME OF LATEST TRANSACTION

  • control field: 20251217163718.0

008 - FIXED-LENGTH DATA ELEMENTS

  • fixed length control field: 080529n| azannabbn |n aaa

010 ## - LIBRARY OF CONGRESS CONTROL NUMBER

  • LC control number: n 2008037079

040 ## - CATALOGING SOURCE

  • Original cataloging agency: DLC
  • Language of cataloging: eng
  • Transcribing agency: DLC
  • Modifying agency: MY-SjTCS
  • Description conventions: rda

100 1# - HEADING--PERSONAL NAME

  • Personal name: Johnson, Jeannie L.

373 ## - ASSOCIATED GROUP

  • Associated group: Utah State University

374 ## - OCCUPATION

  • Occupation: College teachers
  • Source of term: lcsh

375 ## - GENDER

  • Gender: female

377 ## - ASSOCIATED LANGUAGE

  • Language code: eng

670 ## - SOURCE DATA FOUND

  • Source citation: Johnson, Jeannie L. Strategic culture and weapons of mass destruction, 2008:
  • Information found: e-CIP t.p. (Jeannie L. Johnson)